Základy politickej ekonómie

Uložené v:
Podrobná bibliografia
Médium: Kniha
Jazyk:Slovak
Vydavateľské údaje: Bratislava Tatran 1951
Tagy: Pridať tag
Žiadne tagy, Buďte prvý, kto otaguje tento záznam!

MARC

LEADER 00000nam a2200000 4500
001 0313680
005 20251217103758.0
041 0 |a slo 
044 |a SK 
245 1 0 |a Základy politickej ekonómie  |c Jean Baby 
264 1 |a Bratislava  |b Tatran  |c 1951